イオングループを選ぶ -サドンデス- - Statistics

General Stats
  • This quiz has been taken 1,202 times
  • The average score is 7 of 15
Answers on the Grid
Answers color-coded by a green-red scale on the quiz's grid according to % correct below.
イオンモール
ゆめタウン
レイクタウン
ららぽーと
ジャスコ
サティ
セリア
キャンドゥ
ダイソー
ウエルシア
マツモトキヨシ
スギ薬局
ローソン
ミニストップ
デイリーヤマザキ
ライフ
ダイエー
まいばすけっと
いなげや
西友
マルエツ
業務スーパー
ドン・キホーテ
ビッグ・エー
トップバリュ
スーパーバリュー
マックスバリュ
PayPay
WAON
nanaco
 
Answer Stats
Answer % Correct
イオンモール
99%
ジャスコ
66%
WAON
59%
レイクタウン
57%
トップバリュ
57%
まいばすけっと
52%
マックスバリュ
52%
ミニストップ
42%
サティ
41%
ダイエー
35%
ウエルシア
34%
キャンドゥ
22%
ビッグ・エー
21%
マルエツ
20%
いなげや
18%
No matching quizzes found
Score Distribution
Percent of People with Each Score
Percentile by Number Answered
Your Score History
You have not taken this quiz